000 00500nam a2200181Ia 4500
005 20250923145426.0
008 008 250917s9999 xx 000 0 eng d
037 _aTextual
040 _aDSWL
_beng
_cDSWL
041 _aeng
_2eng
084 _aXM2, N47
_qDSWL
100 _aMises, L.V.
_9835173
245 0 _aPlanned Chaos
_c by L.V.Mises
260 _aNew York
_b Foundation for Eco Education
_c1947
300 _a90 p.
942 _cTEXL
_hXM2, N47
999 _c1451194
_d1451194